Science Quiz

Random Science or Animal Quiz
Score 0/20 Timer 06:00
2 Plays Today
% Correct
Swan
98.1%
Moose
98%
Spider
96.7%
Hare
96.7%
Mallard
96.2%
Cub of fox
96.1%
Bear and wolves
95.8%
Ant
94.1%
Bat
94.1%
Frog
92.3%
% Correct
Dog and snake
91.1%
Red squirrel
90.6%
Grasshopper
88.9%
European hedgehog
88.3%
Black-headed Gull
87.1%
Damselfly
84%
Barnacle Goose
79.1%
Weasel
51.2%
Western capercaillie
21.9%
Red-throated diver
17.2%
Come Together.
Have Fun.
All Virtual.
We all need to come together. Play Sporcle's virtual live trivia to have fun, connect with people, and get your trivia on. Join a live hosted trivia game for your favorite pub trivia experience done virtually. If a virtual private party is more your thing, go here for details.

You're not logged in!

Compare scores with friends on all Sporcle quizzes.
OR
Log In

Sporcle TV

Today on Sporcle TV


Watch our educational content, quiz creation guides, and fun videos on Sporcle TV.

Show Comments

Extras

Top Quizzes Today


Score Distribution

Paid Content

Your Account Isn't Verified!

In order to create a playlist on Sporcle, you need to verify the email address you used during registration. Go to your Sporcle Settings to finish the process.

Report this User

Report this user for behavior that violates our Community Guidelines.

Details: